00326nam a2200121Ia 4500008004100000041000800041082001600049100001900065245004500084260004200129300002400171365000900195240624s9999 xx 000 0 und d aeng a658.404 PER aPERRIN RICHARD aREAL WORLD PROJECT MANAGEMENT BEYOND CON c2008aNew JerseybJohn Wiley and Sons a476 : p. : cm. ; 23 cb30